EG Green (Record no. 82232)

MARC details
000 -LEADER
fixed length control field 00920cab a22002055a 4500
001 - CONTROL NUMBER
control field L149620
008 - FIXED-LENGTH DATA ELEMENTS--GENERAL INFORMATION
fixed length control field 100326e20100320xxk 000 0 eng d
035 ## - SYSTEM CONTROL NUMBER
System control number (Sirsi) u149620
041 0# - LANGUAGE CODE
Language code of text/sound track or separate title eng
100 1# - MAIN ENTRY--PERSONAL NAME
Personal name Norwood, Graham
245 00 - TITLE STATEMENT
Title EG Green
260 ## - PUBLICATION, DISTRIBUTION, ETC.
Date of publication, distribution, etc. 2010
490 ## - SERIES STATEMENT
Series statement Estates Gazette
Volume/sequential designation (1011) 20 March 2010, 61-69(8)
520 ## - SUMMARY, ETC.
Summary, etc. Effectiveness of energy performance certificates (EPC)s assessing energy ratings of buildings. Lists UK main sustainability requirements including Carbon Reduction Committment (CRD) renamed Energy Efficiency Drive, Building Research Establishment Environmental Assessment Method (BREEAM), Code for Sustainable Homes (CfSH), Part L Supermarkets are promoting sustainability and low carbon issues.
590 ## - LOCAL NOTE (RLIN)
Local note KA
651 48 - SUBJECT ADDED ENTRY--GEOGRAPHIC NAME
Geographic name United Kingdom
Chronological subdivision
690 ## - LOCAL SUBJECT ADDED ENTRY--TOPICAL TERM (OCLC, RLIN)
Topical term or geographic name as entry element ENVIRONMENTAL AND LAND CONSULTANCY-ENERGY-ENERGY USE-ENERGY EFFICIENCY
700 1# - ADDED ENTRY--PERSONAL NAME
Personal name Norman, Paul
942 ## - ADDED ENTRY ELEMENTS (KOHA)
Suppress in OPAC 0
Holdings
Withdrawn status Lost status Source of classification or shelving scheme Damaged status Not for loan Home library Current library Shelving location Date acquired Total Checkouts Full call number Barcode Date last seen Copy number Price effective from Koha item type
    Dewey Decimal Classification     London London Journal article 26/03/2010   L149620 149620-1001 06/08/2019 1 06/08/2019 Journal article